000 00723nam a22002537a 4500
003 UA-OsUOA
001 29533
007 ta
008 20041012b un ||||| |||| 00| 0 ukr d
100 _aВойчишин Ю.
090 _a82.09(477)
_bВ65
942 _cBK
040 _aUA-OsUOA
_bukr
_cUA-OsUOA
_dUA-OsUOA
245 _a"...Яhий крик і біль тужавий"
_bПоетичні особливості Євгена Маланюка.
300 _a160 с.
955 _a1
041 _aukr
080 _a82.09(477)
020 _a5-32500303-8
260 _aК.
_bЛибідь
_c1993
044 _aUA
650 7 _a82 Література. Літературознавство
_2UDC
999 _c315924
_d315924